ਇਤਿਹਾਸਕ ਗੁਰਦੁਆਰੇ : (Record no. 110554)
[ view plain ]
| 000 -LEADER | |
|---|---|
| fixed length control field | 01105nam a22002777a 4500 |
| 003 - CONTROL NUMBER IDENTIFIER | |
| control field | dpl |
| 005 - DATE AND TIME OF LATEST TRANSACTION | |
| control field | 20170123164154.0 |
| 008 - FIXED-LENGTH DATA ELEMENTS--GENERAL INFORMATION | |
| fixed length control field | 161128b xxu||||| |||| 00| 0 eng d |
| 010 ## - LIBRARY OF CONGRESS CONTROL NUMBER | |
| LC control number | B-029002 |
| 020 ## - INTERNATIONAL STANDARD BOOK NUMBER | |
| Terms of availability | 175.00 |
| International Standard Book Number | 8187654961 |
| 035 ## - SYSTEM CONTROL NUMBER | |
| System control number | B-029002 |
| 037 ## - SOURCE OF ACQUISITION | |
| Source of stock number/acquisition | Cen Lib/Ret |
| 040 ## - CATALOGING SOURCE | |
| Original cataloging agency | DPL |
| Language of cataloging | PN |
| Transcribing agency | tit |
| 082 ## - DEWEY DECIMAL CLASSIFICATION NUMBER | |
| Classification number | 260.91 |
| Item number | ਭੱਲਾਜ |
| 100 ## - MAIN ENTRY--PERSONAL NAME | |
| Personal name | ਭੱਲਾ, ਜਸਬੀਰ ਸਿੰਘ |
| 9 (RLIN) | 138278 |
| 245 ## - TITLE STATEMENT | |
| Title | ਇਤਿਹਾਸਕ ਗੁਰਦੁਆਰੇ : |
| Statement of responsibility, etc | ਜਸਬੀਰ ਸਿੰਘ ਭੱਲਾ |
| Remainder of title | ਇਕ ਸਰਵੇੇਖਣ / |
| 246 ## - VARYING FORM OF TITLE | |
| Title proper/short title | Itihask gurduare ik sarvekshan / |
| Remainder of title | by Jasbir Singh Bhalla |
| 260 ## - PUBLICATION, DISTRIBUTION, ETC. (IMPRINT) | |
| Place of publication, distribution, etc | ਦਿੱਲੀ |
| Name of publisher, distributor, etc | ਮਨਪ੍ਰੀਤ ਪ੍ਰਕਾਸ਼ਨ |
| Date of publication, distribution, etc | 20031 |
| 270 ## - ADDRESS | |
| Address | 16/16 1st floor ਗੀਤਾ ਕਾਲੋਨੀ |
| City | ਦਿੱਲੀ |
| Postal code | 110031 |
| 300 ## - PHYSICAL DESCRIPTION | |
| Extent | 160p. |
| Dimensions | 20cm. |
| 650 ## - SUBJECT ADDED ENTRY--TOPICAL TERM | |
| Topical term or geographic name as entry element | ਸਮਾਜਿਕ ਧਰਮਸ਼ਾਸਤਰ |
| 9 (RLIN) | 138279 |
| 650 ## - SUBJECT ADDED ENTRY--TOPICAL TERM | |
| Topical term or geographic name as entry element | ਧਰਮ - ਸਿਖ |
| 9 (RLIN) | 3457 |
| 650 ## - SUBJECT ADDED ENTRY--TOPICAL TERM | |
| Topical term or geographic name as entry element | Social theology |
| 9 (RLIN) | 138280 |
| 650 ## - SUBJECT ADDED ENTRY--TOPICAL TERM | |
| Topical term or geographic name as entry element | Religion -- sikhism |
| 9 (RLIN) | 138281 |
| 942 ## - ADDED ENTRY ELEMENTS (KOHA) | |
| Source of classification or shelving scheme | Dewey Decimal Classification |
| Koha item type | Punjabi Bks |
| Classification part | 260.91 |
| Call number suffix | ਭੱਲਾਜ |
| Withdrawn status | Lost status | Damaged status | Not for loan | Home library | Current library | Date acquired | Source of acquisition | Cost, normal purchase price | Total Checkouts | Full call number | Barcode | Date last seen | Copy number | Cost, replacement price | Price effective from | Koha item type |
|---|---|---|---|---|---|---|---|---|---|---|---|---|---|---|---|---|
| Central Library | Central Library | 04/02/2016 | Cen Lib/Ret | 175.00 | 260.91 ਭੱਲਾਜ | B-029002 | 04/02/2016 | 1 | 175.00 | 04/02/2016 | Punjabi Bks |
